| 000 | 01042nam a22002417a 4500 | ||
|---|---|---|---|
| 003 | 0 | ||
| 005 | 20160609165140.0 | ||
| 008 | 091027t xxu||||| |||| 00| 0 eng d | ||
| 040 |
_aBIDOC _bfr |
||
| 100 |
_aMONGBO, Pélagie _91713 |
||
| 245 |
_aAnalyse des rôles des organisations locales dans le développement local : implication pour la décentralisation : cas du Comité de Gestion du centre sous-préfectoral de Santé (COGES) et de l'Union des Producteurs de Riz de Koussin-Lélé (UPR-KL) de Covè _cMongbo Pélagie |
||
| 260 |
_aUAC _bFSA _c19 décembre 2002 |
||
| 300 |
_axv-109 p. _c30 cm. |
||
| 520 | _aL'objectif global de cette étude est d'identifier les rôles des organisations de production de biens et services dans le développement local... | ||
| 650 |
_aViabilité économique _91714 |
||
| 650 |
_aGestion _91715 |
||
| 650 |
_aDécentralisation _91716 |
||
| 650 |
_aPérimètre irrigué _91717 |
||
| 651 |
_aBénin _zCovè _91718 |
||
| 653 | _aOrganisation locale | ||
| 653 | _aDéveloppement local | ||
| 942 | _cTHE | ||
| 999 |
_c46450 _d46450 |
||